Collier's encyclopedia : (Record no. 100663)

MARC details
000 -LEADER
fixed length control field 00828cam a2200241 a 4500
008 - FIXED-LENGTH DATA ELEMENTS--GENERAL INFORMATION
fixed length control field
040 ## - CATALOGING SOURCE
Original cataloging agency NUST
Transcribing agency NUST
049 ## - LOCAL HOLDINGS (OCLC)
Holding library MAIN
090 ## - LOCALLY ASSIGNED LC-TYPE CALL NUMBER (OCLC); LOCAL CALL NUMBER (RLIN)
Classification number (OCLC) (R) ; Classification number, CALL (RLIN) (NR) REF AE5
Local cutter number (OCLC) ; Book number/undivided call number, CALL (RLIN) COL
003 - CONTROL NUMBER IDENTIFIER
control field
005 - DATE AND TIME OF LATEST TRANSACTION
control field 20230120191417.0
245 00 - TITLE STATEMENT
Title Collier's encyclopedia :
Remainder of title with bibliography and index /
Statement of responsibility, etc. edited by William D. Halsey & Bernard Johnston.
260 ## - PUBLICATION, DISTRIBUTION, ETC.
Place of publication, distribution, etc. New York :
Name of publisher, distributor, etc. Macmillan Educational Co.,
Date of publication, distribution, etc. c1987.
300 ## - PHYSICAL DESCRIPTION
Extent 766 pages. :
Other physical details illustrations (some colour) ;
Dimensions 28 cm.
336 ## - CONTENT TYPE
Content type term text
Content type code txt
Source rdacontent
337 ## - MEDIA TYPE
Media type term unmediated
Media type code n
Source rdamedia
338 ## - CARRIER TYPE
Carrier type term volume
Carrier type code nc
Source rdacarrier
650 #0 - SUBJECT ADDED ENTRY--TOPICAL TERM
Topical term or geographic name entry element Encyclopedias and dictionaries.
700 1# - ADDED ENTRY--PERSONAL NAME
Personal name Halsey, William Darrach.,
-- editor.
700 1# - ADDED ENTRY--PERSONAL NAME
Personal name Johnston, Bernard.,
-- editor.
907 ## - LOCAL DATA ELEMENT G, LDG (RLIN)
a .b10075471
b 01-09-22
c 17-04-03
942 ## - ADDED ENTRY ELEMENTS (KOHA)
Koha item type Ordinary Loan Books
Call number prefix REF AE5
Call number suffix COL
Holdings
Date last seen Total Checkouts Full call number Barcode Accession number Cost, replacement price Price effective from Koha item type Public note Lost status Source of classification or shelving scheme Damaged status Not for loan Collection Withdrawn status Home library Current library Shelving location Date acquired Source of acquisition Cost, normal purchase price
01/20/2023   REF AE5 COL 92003011337 16170 30.00 05/16/2023 REF Donation   LCC     NFIC   MAIN MAIN GEN 05/16/2023 Book Aid International 80.00